| Tag |
First Indicator |
Second Indicator |
Subfields |
| LEADER |
00000cam a22000008a 4500 |
| 001 |
in00000013445 |
| 005 |
20151007052455.0 |
| 008 |
870526s1988 cau b s00110 eng |
| 010 |
|
|
|a 87013950
|
| 020 |
|
|
|a 0520061594 (alk. paper)
|
| 020 |
|
|
|a 0520061608 (pbk.)
|
| 035 |
|
|
|a (OCoLC)16005768
|
| 035 |
|
|
|9 AAA7932AM
|
| 040 |
|
|
|a DLC
|c DLC
|d m/c
|d TXA
|d UtOrBLW
|
| 043 |
|
|
|a e-uk-en
|a e-uk---
|
| 049 |
|
|
|a TXAM
|c [A11484840]
|
| 050 |
0 |
0 |
|a PR2976
|b .G737 1988
|
| 082 |
0 |
|
|a 822.3/3
|2 19
|
| 100 |
1 |
|
|a Greenblatt, Stephen Jay.
|
| 245 |
1 |
0 |
|a Shakespearean negotiations :
|b the circulation of social energy in Renaissance England /
|c Stephen Greenblatt.
|
| 263 |
|
|
|a 8806
|
| 264 |
|
1 |
|a Berkeley :
|b University of California Press,
|c [1988]
|
| 264 |
|
4 |
|c ©1988
|
| 300 |
|
|
|a xi, 205 pages
|
| 336 |
|
|
|a text
|b txt
|2 rdacontent
|
| 337 |
|
|
|a unmediated
|b n
|2 rdamedia
|
| 338 |
|
|
|a volume
|b nc
|2 rdacarrier
|
| 490 |
1 |
|
|a The new historicism : studies in cultural poetics ;
|v 4
|
| 504 |
|
|
|a Bibliography: pages 165-198.
|
| 500 |
|
|
|a Includes index.
|
| 600 |
1 |
0 |
|a Shakespeare, William,
|d 1564-1616
|x Criticism and interpretation.
|
| 600 |
1 |
0 |
|a Shakespeare, William,
|d 1564-1616
|x Political and social views.
|
| 650 |
|
0 |
|a Theater and society
|z England
|x History.
|
| 650 |
|
0 |
|a English literature
|y Early modern, 1500-1700
|x History and criticism.
|
| 651 |
|
0 |
|a England
|x Civilization
|y 16th century.
|
| 651 |
|
0 |
|a England
|x Civilization
|y 17th century.
|
| 650 |
|
0 |
|a Renaissance
|z England.
|
| 740 |
0 |
|
|a Social energy in Renaissance England.
|
| 830 |
|
0 |
|a New historicism ;
|v 4.
|
| 999 |
|
|
|a MARS
|
| 999 |
f |
f |
|s ef1c1058-9103-39c3-87e3-c5993892d853
|i 953d160a-3361-35a4-b0a5-0a45d1f7fdb1
|t 0
|
| 952 |
f |
f |
|p normal
|a Texas A&M University
|b College Station
|c Sterling C. Evans Library
|d Evans: Library Stacks
|t 0
|e PR2976 .G737 1988
|h Library of Congress classification
|i unmediated -- volume
|m A14811484840
|
| 998 |
f |
f |
|a PR2976 .G737 1988
|t 0
|l Evans: Library Stacks
|